[Event "14. Obert Int. Sant Marti 2012 - B"]
[Site "Barcelona ESP"]
[Date "2012.07.21"]
[Round "9.3"]
[White "Corominas Garrido, Jordi"]
[Black "Barragan Hernandez, Manel"]
[Result "1-0"]
[WhiteElo "1933"]
[BlackElo "1832"]
[PlyCount "101"]
[EventDate "2012.07.13"]
[EventType "swiss"]
[EventRounds "9"]
[EventCountry "ESP"]
[SourceTitle "Ajedrez en Madrid"]
[Source "lmi"]
[SourceDate "2012.07.13"]
[SourceVersion "1"]
[SourceVersionDate "2019.06.21"]
[SourceQuality "1"]

1. c4 e5 2. Nc3 Nf6 3. g3 g6 4. Bg2 Bg7 5. Nf3 d6 6. d4 Nbd7 7. O-O O-O 8. Nd5
exd4 9. Nxd4 c6 10. Nc3 Nc5 11. Rb1 Ne6 12. Nf3 Re8 13. b4 Nc7 14. Nd4 Ne6 15.
Nxc6 Qc7 16. Nb5 Qb6 17. Be3 Qa6 18. Na5 d5 19. cxd5 Qxb5 20. dxe6 Bxe6 21. a4
Qh5 22. f3 b6 23. Nb3 Rad8 24. Qc1 Rc8 25. Qd2 Red8 26. Nd4 Ne8 27. Rfd1 Rc4
28. Qb2 Qe5 29. Bf2 Rcxd4 30. Rxd4 Rxd4 31. Qxd4 Qxd4 32. Bxd4 Bxd4+ 33. Kf1
Nd6 34. Rd1 Nf5 35. Ke1 Bc3+ 36. Kf2 Bxb4 37. Rd8+ Kg7 38. f4 Bc5+ 39. Ke1 Ne3
40. Bf3 Nc2+ 41. Kf1 Nd4 42. Be4 Bb3 43. Ra8 b5 44. axb5 Nxb5 45. Bd3 Nd6 46.
e4 Nc4 47. Ke2 a5 48. Rc8 Bg1 49. Bxc4 Bxc4+ 50. Rxc4 Bxh2 51. Kf2 1-0

[Event "14. Obert Int. Sant Marti 2012 - B"]
[Site "Barcelona ESP"]
[Date "2012.07.21"]
[Round "9.4"]
[White "Casset Bello, Elena"]
[Black "Castrillo Mansego, Pablo"]
[Result "0-1"]
[WhiteElo "1920"]
[BlackElo "1969"]
[PlyCount "112"]
[EventDate "2012.07.13"]
[EventType "swiss"]
[EventRounds "9"]
[EventCountry "ESP"]
[SourceTitle "Ajedrez en Madrid"]
[Source "lmi"]
[SourceDate "2012.07.13"]
[SourceVersion "1"]
[SourceVersionDate "2019.06.21"]
[SourceQuality "1"]

1. d4 Nf6 2. c4 e6 3. Nc3 b6 4. Nf3 Bb7 5. e3 Be7 6. Bd3 d6 7. O-O Nbd7 8. Qe2
e5 9. e4 O-O 10. d5 Nc5 11. Bc2 a5 12. b3 Bc8 13. a3 Bg4 14. h3 Bh5 15. Bd2 Ne8
16. b4 Nb7 17. Qd3 Bg6 18. Rfb1 f5 19. Qe2 f4 20. Ba4 Rb8 21. Bc6 axb4 22. axb4
Qc8 23. Ra7 Nd8 24. Rba1 Bh5 25. Be1 g5 26. Bxe8 Rxe8 27. Nb5 Nb7 28. Bc3 Bf6
29. Qd3 g4 30. hxg4 Bxg4 31. Nh2 Bd7 32. Qf3 Re7 33. Bb2 Rg7 34. Kf1 Kh8 35.
R1a3 Bxb5 36. cxb5 Qd7 37. Qd3 Qf7 38. Qf3 Qg6 39. Ra8 Rbg8 40. Rxg8+ Kxg8 41.
Ra8+ Nd8 42. Bc3 h5 43. Ra1 Nf7 44. Re1 Ng5 45. Qd3 Be7 46. Bd2 Nf7 47. Qf3 Nh6
48. Bc3 Ng4 49. Nxg4 hxg4 50. Qd3 Rf7 51. f3 Rh7 52. Ke2 Rh2 53. Rg1 Qh5 54.
Kd2 gxf3 55. Kc2 Rxg2+ 56. Rxg2+ fxg2 0-1

[Event "14. Obert Int. Sant Marti 2012 - B"]
[Site "Barcelona ESP"]
[Date "2012.07.21"]
[Round "9.5"]
[White "De La Fuente Clemente, Constant"]
[Black "Barba Rios, Enric"]
[Result "0-1"]
[WhiteElo "1887"]
[BlackElo "1967"]
[PlyCount "102"]
[EventDate "2012.07.13"]
[EventType "swiss"]
[EventRounds "9"]
[EventCountry "ESP"]
[SourceTitle "Ajedrez en Madrid"]
[Source "lmi"]
[SourceDate "2012.07.13"]
[SourceVersion "1"]
[SourceVersionDate "2019.06.21"]
[SourceQuality "1"]

1. d4 d5 2. c4 dxc4 3. Nc3 e5 4. d5 c6 5. e4 b5 6. Qh5 Qc7 7. Nf3 Bd6 8. dxc6
g6 9. Qg5 f6 10. Qh4 Bb4 11. Bd2 Bxc3 12. Bxc3 Nxc6 13. a3 Be6 14. Be2 Rd8 15.
O-O Nd4 16. Bd1 a5 17. Nd2 Nc6 18. Nf3 Qe7 19. g4 g5 20. Qg3 Qc7 21. h4 h6 22.
Bc2 Nge7 23. Rad1 Rxd1 24. Rxd1 Ng6 25. hxg5 hxg5 26. Bd2 Qh7 27. Kg2 Nf4+ 28.
Bxf4 gxf4 29. Qh2 Bxg4 30. Qxh7 Rxh7 31. Rd2 Bxf3+ 32. Kxf3 Nd4+ 33. Kg2 Rg7+
34. Kh3 Ke7 35. a4 b4 36. Bd1 Kd6 37. Be2 c3 38. bxc3 bxc3 39. Rd3 Rc7 40. Bd1
c2 41. Bxc2 Rxc2 42. f3 Rf2 43. Kg4 Rg2+ 44. Kh5 Rg3 45. Rd1 Rxf3 46. Kg6 Ke6
47. Rb1 Rg3+ 48. Kh5 Kd6 49. Rb6+ Nc6 50. Rb5 f3 51. Kh4 f2 0-1

[Event "14. Obert Int. Sant Marti 2012 - B"]
[Site "Barcelona ESP"]
[Date "2012.07.21"]
[Round "9.6"]
[White "Aprea, Daniele"]
[Black "Jover Font, Pau"]
[Result "0-1"]
[WhiteElo "1942"]
[BlackElo "1838"]
[PlyCount "146"]
[EventDate "2012.07.13"]
[EventType "swiss"]
[EventRounds "9"]
[EventCountry "ESP"]
[SourceTitle "Ajedrez en Madrid"]
[Source "lmi"]
[SourceDate "2012.07.13"]
[SourceVersion "1"]
[SourceVersionDate "2019.06.21"]
[SourceQuality "1"]

1. d4 Nf6 2. Nf3 d5 3. c4 c6 4. cxd5 cxd5 5. Nc3 Nc6 6. Bf4 a6 7. e3 e6 8. Bd3
Bd6 9. Bg3 O-O 10. Rc1 Re8 11. O-O Bxg3 12. hxg3 Qd6 13. Bb1 Bd7 14. Qd3 Rac8
15. Rfd1 g6 16. Qd2 b5 17. Ne2 Rc7 18. Nf4 Rec8 19. Nd3 Ne4 20. Qe1 f6 21. a3
Nd8 22. Rxc7 Rxc7 23. Rc1 Nb7 24. b4 Qb6 25. Nc5 Nexc5 26. bxc5 Qa5 27. Qxa5
Nxa5 28. Ba2 Kf7 29. Ne1 Nc6 30. Nd3 a5 31. Rb1 Bc8 32. Rb3 Ba6 33. Bb1 e5 34.
dxe5 fxe5 35. f4 e4 36. Ne1 a4 37. Rc3 Na5 38. Ba2 Nc4 39. Bxc4 dxc4 40. Nc2
Rxc5 41. Nd4 Bc8 42. Kf2 Ke7 43. Ke2 Kd6 44. Kd2 Rh5 45. Rc2 Kc5 46. Kc3 Rh1
47. Ne2 Re1 48. Kb2 Rd1 49. Nc3 Re1 50. Nxe4+ Kb6 51. Nc3 Bb7 52. Re2 Rxe2+ 53.
Nxe2 Bxg2 54. Kc3 Kc5 55. Nd4 Bd5 56. g4 h5 57. f5 h4 58. f6 h3 59. Nf3 Kd6 60.
Nh2 g5 61. Kd4 Bg2 62. e4 Ke6 63. e5 Bd5 64. Nf1 c3 65. Kxc3 Kxe5 66. Kb4 Kxf6
67. Kxb5 Bb3 68. Kc6 Ke5 69. Kd7 Kf4 70. Nh2 Kg3 71. Nf1+ Kf2 72. Nd2 h2 73.
Ne4+ Kg2 0-1

[Event "14. Obert Int. Sant Marti 2012 - B"]
[Site "Barcelona ESP"]
[Date "2012.07.21"]
[Round "9.7"]
[White "Gonzalez Martin, Fernando"]
[Black "Fatourou, Eleni"]
[Result "1-0"]
[WhiteElo "1925"]
[BlackElo "1830"]
[PlyCount "93"]
[EventDate "2012.07.13"]
[EventType "swiss"]
[EventRounds "9"]
[EventCountry "ESP"]
[SourceTitle "Ajedrez en Madrid"]
[Source "lmi"]
[SourceDate "2012.07.13"]
[SourceVersion "1"]
[SourceVersionDate "2019.06.21"]
[SourceQuality "1"]

1. d4 Nf6 2. Nf3 c5 3. c4 cxd4 4. Nxd4 Nc6 5. Nc3 d5 6. g3 e5 7. Nxc6 bxc6 8.
cxd5 cxd5 9. Bg2 e4 10. O-O Be7 11. Bg5 Be6 12. Qa4+ Kf8 13. Rfd1 Qe8 14. Qxe8+
Rxe8 15. Bxf6 Bxf6 16. Nxd5 Bxd5 17. Rxd5 g6 18. Rd7 e3 19. f4 Re7 20. Rad1
Bxb2 21. Rxe7 Kxe7 22. Rb1 Rb8 23. Bd5 Rb6 24. Bb3 Ba3 25. Rd1 f6 26. Rd4 f5
27. Ra4 Bb4 28. Rxa7+ Kd6 29. Rxh7 Kc5 30. h4 Rd6 31. Rc7+ Kb6 32. Rc2 Kb5 33.
Bc4+ Kb6 34. Bd3 Bd2 35. Rb2+ Kc5 36. Kf1 Kd4 37. Rc2 Bc3 38. Rc1 Rb6 39. Rc2
Rb1+ 40. Kg2 Rd1 41. Kf3 Rf1+ 42. Kg2 Rd1 43. Bb5 Rd2 44. Ba4 Bb4 45. Bb3 Rxc2
46. Bxc2 Be1 47. Bb3 1-0

[Event "14. Obert Int. Sant Marti 2012 - B"]
[Site "Barcelona ESP"]
[Date "2012.07.21"]
[Round "9.8"]
[White "Elizondo Market, Juan Marcos"]
[Black "Moreno Perez, Norberto"]
[Result "0-1"]
[WhiteElo "1857"]
[BlackElo "1952"]
[PlyCount "64"]
[EventDate "2012.07.13"]
[EventType "swiss"]
[EventRounds "9"]
[EventCountry "ESP"]
[SourceTitle "Ajedrez en Madrid"]
[Source "lmi"]
[SourceDate "2012.07.13"]
[SourceVersion "1"]
[SourceVersionDate "2019.06.21"]
[SourceQuality "1"]

1. e4 e5 2. Nf3 Nc6 3. d4 exd4 4. Nxd4 Ne5 5. f4 Ng6 6. Nc3 Bb4 7. Qd3 a6 8. a3
Ba5 9. Be2 d6 10. O-O Nf6 11. Nb3 Bb6+ 12. Be3 c5 13. Qd2 O-O 14. Rad1 Bc7 15.
e5 dxe5 16. Qxd8 Bxd8 17. Bxc5 Re8 18. fxe5 Nxe5 19. Nd4 Bc7 20. Nf3 Neg4 21.
Bc4 b5 22. Bb3 a5 23. Ng5 Re5 24. Bxf7+ Kh8 25. Nd5 Bd8 26. Nxf6 Bb7 27. Nfe4
Bxg5 28. Nxg5 Rxc5 29. Ne6 Rxc2 30. Nf4 g5 31. Bh5 gxf4 32. Bxg4 Rxg2+ 0-1

[Event "14. Obert Int. Sant Marti 2012 - B"]
[Site "Barcelona ESP"]
[Date "2012.07.21"]
[Round "9.9"]
[White "Olvera Anton, A.."]
[Black "Poyato Ruiz, Fernando"]
[Result "0-1"]
[WhiteElo "1937"]
[BlackElo "1822"]
[PlyCount "70"]
[EventDate "2012.07.13"]
[EventType "swiss"]
[EventRounds "9"]
[EventCountry "ESP"]
[SourceTitle "Ajedrez en Madrid"]
[Source "lmi"]
[SourceDate "2012.07.13"]
[SourceVersion "1"]
[SourceVersionDate "2019.06.21"]
[SourceQuality "1"]

1. e4 e6 2. d4 d5 3. Nd2 Nf6 4. e5 Nfd7 5. Bd3 c5 6. c3 Nc6 7. Ne2 cxd4 8. cxd4
Qb6 9. Nf3 Bb4+ 10. Bd2 O-O 11. O-O Bxd2 12. Qxd2 f6 13. exf6 Nxf6 14. Ng3 Bd7
15. Rac1 Rac8 16. Rfe1 Qb4 17. Rc3 Qd6 18. Qg5 h6 19. Qh4 Nb4 20. Bb1 Rxc3 21.
bxc3 Nc6 22. Re3 Qa3 23. Ne2 Qb2 24. h3 Qxb1+ 25. Kh2 Ne4 26. Nf4 Qxa2 27. Nd3
a5 28. Qh5 a4 29. Nde5 Nxe5 30. Nxe5 Rxf2 31. Qg6 Rf6 32. Qg4 Be8 33. Rf3 Rxf3
34. Qxf3 Qf2 35. Qg4 Qg3+ 0-1

[Event "14. Obert Int. Sant Marti 2012 - B"]
[Site "Barcelona ESP"]
[Date "2012.07.21"]
[Round "9.10"]
[White "Gisbert Mir, Alejandro"]
[Black "Castillo Escario, Yolanda"]
[Result "0-1"]
[WhiteElo "1788"]
[BlackElo "1897"]
[PlyCount "82"]
[EventDate "2012.07.13"]
[EventType "swiss"]
[EventRounds "9"]
[EventCountry "ESP"]
[SourceTitle "Ajedrez en Madrid"]
[Source "lmi"]
[SourceDate "2012.07.13"]
[SourceVersion "1"]
[SourceVersionDate "2019.06.21"]
[SourceQuality "1"]

1. d4 d5 2. c4 c6 3. Nf3 Nf6 4. Nc3 e6 5. e3 Nbd7 6. Qc2 Bd6 7. Be2 O-O 8. O-O
dxc4 9. Bxc4 Qe7 10. e4 e5 11. d5 Nb6 12. Bd3 cxd5 13. exd5 h6 14. Rd1 Bg4 15.
Be2 e4 16. Nd4 Qe5 17. g3 Bxe2 18. Ndxe2 Rad8 19. Bf4 Qe7 20. Bxd6 Rxd6 21. Rd4
e3 22. f3 Nbxd5 23. Rad1 Nxc3 24. Rxd6 Nxd1 25. Qxd1 Rc8 26. Rd3 Re8 27. Qb3 b6
28. Qc3 Nd7 29. b4 Ne5 30. Rxe3 Nxf3+ 31. Kf2 Qxe3+ 32. Qxe3 Rxe3 33. Kxe3 Nxh2
34. Kf4 Kf8 35. b5 Ke7 36. Nd4 Kd7 37. Nc6 a5 38. Ne5+ Ke6 39. Nc4 Kd5 40. Ne3+
Kc5 41. a4 h5 0-1